[Event "Bohemians-B"]
[Site "Prague"]
[Date "1992.??.??"]
[Round "2"]
[White "Danner, Georg"]
[Black "Znamenacek, Kvetoslav"]
[Result "1/2-1/2"]
[WhiteElo "2355"]
[BlackElo "2335"]

1.d4 Nf6 2.Nf3 g6 3.c4 Bg7 4.Nc3 O-O 5.e4 d6 6.Be2 e5 7.d5 a5 8.Bg5 h6 9.Bh4 Na6
10.Nd2 Qe8 11.a3 Bd7 12.b3 h5 13.h3 Nh7 14.g4 g5 15.Bg3 h4 16.Bh2 Qb8 17.Rb1 Rc8
18.b4 axb4 19.axb4 Nf8 20.Nf3 f6 21.O-O Be8 22.Qb3 Bf7 23.Rfc1 c5 24.dxc6 bxc6
25.Nd1 Ra7 26.Ne3 Ne6 27.Nf5 Bf8 28.Qe3 Rb7 29.b5  1/2-1/2

[Event "CSR-ch"]
[Site "Prague"]
[Date "1992.??.??"]
[Round "4"]
[White "Priehoda, Vitezslav"]
[Black "Babula, Vlastimil"]
[Result "1/2-1/2"]
[WhiteElo "2390"]
[BlackElo "2340"]

1.d4 Nf6 2.c4 g6 3.Nc3 Bg7 4.e4 d6 5.Be2 O-O 6.Nf3 e5 7.d5 a5 8.Bg5 h6 9.Bh4 Na6
10.Nd2 Bd7 11.O-O Qe8 12.b3 Nh7 13.a3 f5 14.f3 Bf6 15.Bf2 Qe7 16.b4 Bh4 17.Qb3 Bxf2+
18.Rxf2 axb4 19.axb4 Qg5 20.Rd1 Kh8 21.c5 Nf6 22.exf5 Bxf5 23.c6 bxc6 24.dxc6 Qe3
25.Bxa6 Rxa6 26.b5 Raa8 27.Nc4 Qc5 28.Na4 Qa7 29.Nab2 Qc5 30.Na4 Qa7 31.Ncb2 Rab8
32.Nc4 Ra8 33.Ncb2 Rab8 34.Nc4  1/2-1/2

[Event "CSR-ch"]
[Site "Prague"]
[Date "1992.??.??"]
[Round "6"]
[White "Lechtynsky, Jiri"]
[Black "Rasik, Vitezslav"]
[Result "1/2-1/2"]
[WhiteElo "2410"]
[BlackElo "2370"]

1.d4 Nf6 2.Nf3 g6 3.c4 Bg7 4.Nc3 O-O 5.e4 d6 6.Be2 e5 7.O-O exd4 8.Nxd4 Re8
9.f3 c6 10.Kh1 Nbd7 11.Bf4 Nh5 12.Bxd6 Qf6 13.Nb3 Nf4 14.c5 a5 15.a4  1/2-1/2

[Event "Prague DDM"]
[Site "Prague"]
[Date "1992.??.??"]
[Round "8"]
[White "Lechtynsky, Jiri"]
[Black "Ankerst, Mihael"]
[Result "1-0"]
[WhiteElo "2395"]
[BlackElo "2360"]

1.d4 Nf6 2.Nf3 g6 3.c4 Bg7 4.Nc3 O-O 5.e4 d6 6.Be2 e5 7.O-O Na6 8.Be3 c6
9.dxe5 dxe5 10.Qxd8 Rxd8 11.Rfd1 Re8 12.h3 Bf8 13.a3 Nc5 14.Bxc5 Bxc5 15.b4 Bf8
16.c5 Nh5 17.Bc4 h6 18.Nd2 Nf4 19.Nb3 Ne6 20.Na5 Nd4 21.Ne2 Ne6 22.Rac1 Re7
23.Ba2 Rc7 24.Nc4 Bg7 25.Rc2 Kf8 26.Rcd2 Ke7 27.Nd6 Bf8 28.Bb3 f6 29.h4 h5
30.Nxc8+ Raxc8 31.Rd6 Ng7 32.f4 b6 33.fxe5 fxe5 34.cxb6 axb6 35.Rxg6 Rd8
36.Rf1 Ke8 37.Rf3 Ra8 38.Ng3 c5 39.Bd5 Rb8 40.Rgf6 Ke7 41.Kf2  1-0

[Event "Prague DDM"]
[Site "Prague"]
[Date "1992.??.??"]
[Round "8"]
[White "Pribyl, Josef"]
[Black "Hausner, Ivan"]
[Result "1/2-1/2"]
[WhiteElo "2430"]
[BlackElo "2410"]

1.d4 Nf6 2.Nf3 g6 3.c4 Bg7 4.Nc3 d6 5.e4 O-O 6.Be2 e5 7.dxe5 dxe5 8.Qxd8 Rxd8
9.Bg5 Re8 10.Nd5 Nxd5 11.cxd5 c6 12.Bc4 cxd5 13.Bxd5 Nc6 14.Bxc6 bxc6 15.O-O-O Be6  1/2-1/2

[Event "Bohemians (Women)"]
[Site "Prague"]
[Date "1992.??.??"]
[Round "9"]
[White "Kubikova, Hana"]
[Black "Eretova, Kveta"]
[Result "1-0"]
[WhiteElo "2170"]
[BlackElo "2130"]

1.d4 d6 2.Nf3 Nf6 3.c4 g6 4.Nc3 Bg7 5.e4 O-O 6.Be2 e5 7.Be3 Ng4 8.Bg5 f6
9.Bc1 Nh6 10.dxe5 dxe5 11.Qxd8 Rxd8 12.Nd5 Rxd5 13.cxd5 Nf7 14.Be3 Bf8 15.Rc1 Bd6
16.Nd2 Nd7 17.O-O Kf8 18.Nc4 Be7 19.Rfd1 Nd6 20.f3 Nxc4 21.Rxc4 Bd6 22.Rdc1 Ke7
23.b4 Kd8 24.a3 b6 25.R4c2 a5 26.Bd2 axb4 27.axb4 Ra3 28.Bc4 Ba6 29.Ra2 Rxa2
30.Bxa2 Kc8 31.g4 Bb5 32.h4 Nb8 33.Bc4 Bxc4 34.Rxc4 b5 35.Rc1 Na6 36.Ra1 Nxb4
37.Bxb4 Bxb4 38.Kf1 Bd6 39.Ra8+ Kd7 40.Rh8 b4 41.Ke2 Ke7 42.Rxh7+ Kf8 43.Kd3  1-0

[Event "Protvino"]
[Site "Protvino"]
[Date "1992.??.??"]
[Round "?"]
[White "Belov, Igor"]
[Black "Fedorov, Alexei"]
[Result "1/2-1/2"]
[WhiteElo "2440"]
[BlackElo "2490"]

1.Nf3 Nf6 2.c4 g6 3.Nc3 Bg7 4.e4 d6 5.d4 O-O 6.Be2 e5 7.Be3 Ng4 8.Bg5 f6
9.Bc1 Nc6 10.O-O exd4 11.Nxd4 Nxd4 12.Qxd4 f5 13.Qd5+ Kh8 14.Bxg4 fxg4 15.Be3 c6
16.Qd3 Be6 17.Rad1 Be5 18.Bd4 Qh4 19.Bxe5+ dxe5 20.b3 Qe7 21.Qg3 Qg5 22.Ne2 Rad8
23.Rxd8 Rxd8 24.f4 exf4 25.Nxf4 Bc8 26.e5 Bf5 27.Qe3 Qe7 28.Re1 b6 29.e6 Re8
30.Nh5 Kg8 31.Qe5 Rf8 32.Ng3 Rf6 33.Nxf5 Rxf5 34.Qd4 h5 35.g3 Rf8 36.Kh1 c5
37.Qe4 Qf6 38.e7 Re8 39.Kg1 Qd4+ 40.Qxd4 cxd4 41.Kf2 Kf7 42.Re4 Rxe7 43.Rxd4 Kf6
44.Rd3 Kf5 45.Re3 Rh7 46.Rd3 Re7 47.Rd5+ Ke4 48.Ke2 Rh7 49.Rg5 Rg7 50.Rd5  1/2-1/2

[Event "Protvino"]
[Site "Protvino"]
[Date "1992.??.??"]
[Round "?"]
[White "Boguslawsky, Maxim"]
[Black "Belov, Igor"]
[Result "0-1"]
[WhiteElo "2420"]
[BlackElo "2440"]

1.d4 Nf6 2.c4 g6 3.Nc3 Bg7 4.e4 d6 5.Be2 O-O 6.Nf3 e5 7.dxe5 dxe5 8.Qxd8 Rxd8
9.Bg5 c6 10.Nxe5 Re8 11.O-O-O Na6 12.Rd6 Nh5 13.Ng4 Nc5 14.Nh6+ Kf8 15.Be3 Nxe4
16.Nxe4 Rxe4 17.Rhd1 Rxe3 18.fxe3 Bxh6 19.Bxh5 Bxe3+ 20.Kc2 Bf5+ 21.Kc3 gxh5
22.Rd8+ Rxd8 23.Rxd8+ Ke7 24.Rb8 Be4 25.Rxb7+ Ke6 26.g3 h4 27.gxh4 h5 28.b4  0-1

[Event "Protvino"]
[Site "Protvino"]
[Date "1992.??.??"]
[Round "?"]
[White "Makarjev, Ilja"]
[Black "Belov, Igor"]
[Result "1/2-1/2"]
[WhiteElo "2335"]
[BlackElo "2440"]

1.d4 Nf6 2.c4 g6 3.Nc3 Bg7 4.e4 d6 5.Nf3 O-O 6.Be2 e5 7.dxe5 dxe5 8.Qxd8 Rxd8
9.Bg5 Re8 10.Nd5 Nxd5 11.cxd5 c6 12.Bc4 b5 13.Bb3 Bb7 14.Rc1 Rc8 15.Be3 a5
16.dxc6 Nxc6  1/2-1/2

[Event "Protvino"]
[Site "Protvino"]
[Date "1992.??.??"]
[Round "?"]
[White "Danielian, Oganes"]
[Black "Makarjev, Ilja"]
[Result "1/2-1/2"]
[WhiteElo "2310"]
[BlackElo "2335"]

1.d4 g6 2.c4 Bg7 3.e4 d6 4.Nc3 Nf6 5.Nf3 O-O 6.Be2 Na6 7.O-O e5 8.Re1 Qe8
9.Be3 Ng4 10.Bg5 h6 11.Bh4 Nf6 12.dxe5 dxe5 13.Nd2 c6 14.Bg3 b6 15.a3 Bb7
16.b4 Rd8 17.Qc2 Nh7 18.Rad1 Ng5 19.Nf3 Nxf3+ 20.Bxf3 Qe7  1/2-1/2

[Event "Protvino"]
[Site "Protvino"]
[Date "1992.??.??"]
[Round "?"]
[White "Nesterov, Jakov"]
[Black "Bitman, Alexander R"]
[Result "1-0"]
[WhiteElo "2420"]
[BlackElo "2345"]

1.Nf3 Nf6 2.c4 g6 3.Nc3 Bg7 4.e4 d6 5.d4 O-O 6.Be2 e5 7.dxe5 dxe5 8.Qxd8 Rxd8
9.Bg5 Nbd7 10.O-O-O Rf8 11.Nd5 c6 12.Ne7+ Kh8 13.Be3 Re8 14.Nxc8 Raxc8 15.Ng5 Kg8
16.Bg4 Rc7 17.Bxd7 Nxd7 18.Rd3 Bh6 19.Rhd1 Nf8 20.Rd8 Rc8 21.R8d6 Kg7 22.h4 f6
23.Kc2 c5 24.R1d5 b6 25.Kb3 Rc7 26.Ka4 Rce7 27.a3 Bxg5 28.hxg5 f5 29.b4 f4
30.Bd2 cxb4 31.axb4 Kf7 32.Bc3 Ne6 33.Bxe5 Rc8 34.Bf6  1-0

[Event "Ramat Hasharon"]
[Site "Ramat Hasharon"]
[Date "1992.??.??"]
[Round "4"]
[White "Ben Menachem, Itzhak"]
[Black "Shrentzel, Mordechai"]
[Result "1/2-1/2"]
[WhiteElo "2305"]
[BlackElo "2290"]

1.d4 Nf6 2.Nf3 d6 3.c4 Nbd7 4.Nc3 e5 5.e4 g6 6.Be2 Bg7 7.O-O O-O 8.Be3 c6
9.Qc2 Qc7 10.h3 exd4 11.Bxd4 Re8 12.Rfe1 Ne5 13.Rad1 Be6 14.b3 Rad8 15.Be3 Nxf3+
16.Bxf3 Qa5  1/2-1/2

[Event "Reggio Emilia9293"]
[Site "Reggio Emilia"]
[Date "1992.??.??"]
[Round "3"]
[White "Azmaiparashvili, Zurab"]
[Black "Belotti, Bruno"]
[Result "0-1"]
[WhiteElo "2620"]
[BlackElo "2405"]

1.d4 Nf6 2.c4 g6 3.Nc3 Bg7 4.e4 d6 5.Be2 O-O 6.Nf3 e5 7.Be3 Ng4 8.Bg5 f6
9.Bh4 Nd7 10.dxe5 dxe5 11.Qd5+ Kh8 12.Rd1 c6 13.Qd6 Qe8 14.b4 Nh6 15.c5 Nf7
16.Qd2 Qe7 17.Bc4 Re8 18.O-O Nf8 19.Ne1 Rd8 20.Qb2 Be6 21.Rxd8 Rxd8 22.Be2 Bc8
23.Nc2 Ne6 24.Rd1 Rxd1+ 25.Nxd1 Qd8 26.Nce3 Nd4 27.Bc4 Be6 28.Bxe6 Nxe6 29.f3 Qd7
30.Be1 Bh6 31.Qa3 a6 32.Kf1 Kg7 33.Qb3 Bxe3 34.Nxe3 Nfg5 35.Qd1 Qxd1 36.Nxd1 Kf8
37.Ne3 Ke7 38.Nc4 Nf7 39.Bc3 h5 40.g3 g5 41.Ne3 Ng7 42.Ke2 Kd7 43.f4 gxf4
44.gxf4 exf4 45.Nc4 Ke6 46.Na5 Ng5 47.Kd3 f3 48.Bd4 h4 49.Nxb7 Nh5 50.Ke3 Ng3
51.Nd6 Nf1+ 52.Kd3 Nxh2 53.Nf5 h3 54.Ng3 Ng4 55.Nh1 h2 56.a4 Nh3 57.Kd2 f5
58.exf5+ Kxf5 59.Kd3 Ke6 60.b5 cxb5 61.axb5 axb5 62.c6 Kd6 63.Ba7 Kxc6 64.Bb8 Nhf2+  0-1

[Event "Reno op"]
[Site "Reno"]
[Date "1992.??.??"]
[Round "5"]
[White "Donaldson, John W"]
[Black "Browne, Walter S"]
[Result "1-0"]
[WhiteElo "2425"]
[BlackElo "2515"]

1.Nf3 Nf6 2.c4 g6 3.Nc3 Bg7 4.e4 d6 5.d4 O-O 6.Be2 Nbd7 7.O-O e5 8.Be3 Ng4
9.Bg5 f6 10.Bd2 c6 11.d5 Qe7 12.b4 Kh8 13.dxc6 bxc6 14.b5 Bb7 15.bxc6 Bxc6
16.Nd5 Bxd5 17.cxd5 Nc5 18.Ne1 Nh6 19.f3 Nf7 20.Nd3 Nxd3 21.Bxd3 Bh6 22.Bxh6 Nxh6
23.Qd2 g5 24.Rac1 f5 25.Rc6 f4 26.h3 Ng8 27.Rfc1 Rfd8 28.Ba6 Qf8 29.Rc7 Nf6
30.Qc2 Nh5 31.Bc8 Ng3 32.Be6 Rdb8 33.Rf7 Qh6 34.Kh2 Rf8 35.Rd7 g4 36.Bxg4 Qg6
37.Qc6 Rad8 38.Re7 Rg8 39.Re6 Qg5 40.Rxd6 Rxd6 41.Qxd6 h5 42.h4 Qxh4+ 43.Bh3 Qg5
44.Rc6 Kh7 45.Qe6 Nf1+ 46.Kg1 Ne3 47.Rc7+ Kh8 48.Qe7 Qxe7 49.Rxe7 Rb8 50.d6 Rb1+
51.Kf2 Rb2+ 52.Ke1 Rb1+ 53.Ke2 Rb2+ 54.Kd3  1-0

[Event "Reno op"]
[Site "Reno"]
[Date "1992.??.??"]
[Round "6"]
[White "Young, Angelo"]
[Black "Anderson, Renard"]
[Result "0-1"]
[WhiteElo "2240"]
[BlackElo "2290"]

1.d4 Nf6 2.Nf3 g6 3.c4 Bg7 4.Nc3 d6 5.e4 O-O 6.Be2 e5 7.Be3 Ng4 8.Bg5 f6
9.Bc1 Nh6 10.O-O Nc6 11.dxe5 dxe5 12.Be3 Qe8 13.Nd5 Rf7 14.h3 Kh8 15.Qb3 Ng8
16.Rfd1 Nd8 17.c5 Ne6 18.c6 bxc6 19.Nc3 Bf8 20.Bc4 Rg7 21.Rac1 g5  0-1

[Event "Reykjavik"]
[Site "Reykjavik"]
[Date "1992.??.??"]
[Round "6"]
[White "Olafsson, Helgi"]
[Black "Thorsteins, Karl"]
[Result "0-1"]
[WhiteElo "2525"]
[BlackElo "2485"]

1.d4 Nf6 2.c4 g6 3.Nc3 Bg7 4.e4 d6 5.Be2 O-O 6.Nf3 e5 7.Be3 Ng4 8.Bg5 f6
9.Bh4 Nc6 10.d5 Ne7 11.Nd2 Nh6 12.f3 g5 13.Bf2 f5 14.Qc2 Ng6 15.g3 fxe4 16.Ndxe4 g4
17.Qd1 gxf3 18.Bxf3 Bh3 19.Qd3 Ng4 20.Bxg4 Bxg4 21.h3 Bf3 22.Rh2 a6 23.Be3 Qd7
24.Kd2 b5 25.a3 Rab8 26.Kc2 c6 27.dxc6 Qxc6 28.Qd5+ Qxd5 29.cxd5 Ne7 30.Nxd6 Nxd5
31.Nxd5 Bxd5 32.Rd1 Be6 33.Bc5 Rf3 34.Rd3 Rbf8 35.g4 R8f4 36.Re2 Rxd3 37.Kxd3 Rf3+
38.Re3 Rf2 39.b4 Bd5 40.Re2 e4+ 41.Ke3 Rf3+ 42.Kd2 Rxa3 43.Ke1 Rxh3 44.Nxe4 Rh4
45.Nd6 Bc3+ 46.Kf2 Rh2+ 47.Ke3 Rh3+ 48.Kf2 Rf3+ 49.Kg1 Rg3+ 50.Kh2 Rxg4 51.Nf5 Re4
52.Rg2+ Kh8 53.Rf2 Be5+ 54.Kh3 Be6 55.Kg2 Rg4+ 56.Kf1 Bxf5 57.Rxf5 Rf4+ 58.Rxf4 Bxf4
59.Ke2 h5 60.Kf3 Bc7 61.Ke4 h4 62.Kd5 h3 63.Bg1 h2 64.Bxh2 Bxh2 65.Kc6 Bg1  0-1

[Event "EU-ch U16"]
[Site "Rimavska Sobota"]
[Date "1992.??.??"]
[Round "?"]
[White "Musat, Adrian"]
[Black "Oral, Tomas"]
[Result "0-1"]
[WhiteElo "2285"]
[BlackElo "2320"]

1.d4 Nf6 2.c4 g6 3.Nc3 Bg7 4.e4 d6 5.Nf3 O-O 6.Be2 e5 7.Be3 Ng4 8.Bg5 f6
9.Bh4 Qe8 10.dxe5 Nxe5 11.Nd4 Qf7 12.Rc1 Nbc6 13.Nxc6 Nxc6 14.O-O f5 15.exf5 Bxf5
16.Bf3 Kh8 17.Bd5 Qd7 18.Qd2 Ne5 19.b3 c6  0-1

[Event "DEN-chJ int"]
[Site "Ringsted"]
[Date "1992.??.??"]
[Round "5"]
[White "Silseth, Simon"]
[Black "Aagaard, Jacob"]
[Result "1-0"]
[WhiteElo "2365"]
[BlackElo "2285"]

1.c4 g6 2.Nc3 Bg7 3.d4 Nf6 4.e4 d6 5.Nf3 O-O 6.Be2 e5 7.O-O exd4 8.Nxd4 Re8
9.f3 c6 10.Nc2 Na6 11.Rb1 Be6 12.Bg5 h6 13.Bh4 Rc8 14.f4 Qd7 15.Ne3 Nh7 16.f5 Bxf5
17.exf5 Rxe3 18.f6 Qd8 19.Qd4  1-0

[Event "Rishon Le Ziyyon"]
[Site "Rishon Le Ziyyon"]
[Date "1992.??.??"]
[Round "5"]
[White "Zilberman, Yaacov"]
[Black "Hebden, Mark"]
[Result "1/2-1/2"]
[WhiteElo "2490"]
[BlackElo "2510"]

1.d4 Nf6 2.c4 g6 3.Nc3 Bg7 4.e4 d6 5.Be2 O-O 6.Nf3 e5 7.dxe5 dxe5 8.Qxd8 Rxd8
9.Bg5 Nbd7 10.O-O-O Rf8 11.Ne1 Nc5 12.f3 Ne6 13.Be3 b6 14.Nc2 Bb7 15.Rhe1 Rfd8  1/2-1/2

[Event "ROM-chT"]
[Site "?"]
[Date "1992.??.??"]
[Round "?"]
[White "Ionescu, Mihai"]
[Black "Pavlov, Mircea"]
[Result "0-1"]
[WhiteElo "2255"]
[BlackElo "2390"]

1.d4 Nf6 2.c4 g6 3.Nc3 Bg7 4.e4 d6 5.Be2 O-O 6.Nf3 e5 7.d5 a5 8.O-O Na6 9.Bg5 h6
10.Bh4 Bd7 11.Ne1 Nc5 12.Nd3 b6 13.Nxc5 bxc5 14.f3 Qb8 15.Qc2 Nh7 16.Bd3 f5
17.Bf2 Bf6 18.a3 f4 19.Nb5 g5 20.b4 axb4 21.axb4 Rxa1 22.Rxa1 cxb4 23.Qb2 Be7
24.Qxb4 Nf6 25.Qa5 Bxb5 26.Qxb5 g4 27.Rb1 Qd8 28.Qc6 g3 29.hxg3 fxg3 30.Ba7 Qd7
31.Rb7 Bd8 32.Qxd7 Nxd7 33.Bc2 Nc5 34.Rb2 Bg5 35.Rb1 Be3+ 36.Kf1 Ra8 37.Ke2 Bd4  0-1

[Event "ROM-chT"]
[Site "?"]
[Date "1992.??.??"]
[Round "?"]
[White "Golod, Vitali"]
[Black "Vidoniak, Roman"]
[Result "1/2-1/2"]
[WhiteElo "2300"]
[BlackElo "2405"]

1.d4 Nf6 2.c4 g6 3.Nc3 Bg7 4.e4 d6 5.Be2 O-O 6.Nf3 e5 7.O-O Qe8 8.dxe5 dxe5
9.Be3 b6 10.Nd5 Na6 11.c5 Nxd5 12.Qxd5 Rb8 13.cxb6 cxb6 14.Rfd1 Bb7 15.Qb3 Nc5
16.Bxc5 bxc5 17.Qc4 Bc6 18.Rd2 Qe7 19.a3 Rfc8 20.Rb1 a5 21.Rc2 Bd7 22.Qa2 Ba4
23.Rc3 Bc6 24.Bd3 Bh6 25.Re1 Rc7 26.a4 Rd7 27.b3 Rbd8 28.Qc2 Bf8 29.Bc4 Kg7
30.Rce3 f6 31.Qc3 Ra7 32.Nh4 Qb7 33.Nf3 Qb4 34.Ng5 Bd7 35.Qd3 fxg5 36.Qd5 Kh6
37.g4 Qxe1+ 38.Rxe1 Be7 39.Qd1 Bxa4 40.Bd5 Bd7 41.Re3 Rf8 42.Bc4 Bc6 43.Qa1 Bf6
44.Qa3 Be7 45.Qb2 Bf6 46.Bf1 a4 47.Qc3 a3 48.Qxc5 Rff7 49.Qxc6 a2 50.Re1 a1=Q
51.Rxa1 Rxa1 52.Kg2 Bd8 53.Qe8 Rf4 54.Qxd8 Rxg4+ 55.Kf3 Rf4+ 56.Kg2 Rg4+
57.Kf3 Rf4+  1/2-1/2

[Event "ARG-ch sf"]
[Site "Rosario"]
[Date "1992.??.??"]
[Round "5"]
[White "Perez Cascella, Julio"]
[Black "Aguerreberry, Claudio"]
[Result "1/2-1/2"]
[WhiteElo "2265"]
[BlackElo "2210"]

1.c4 g6 2.Nc3 Bg7 3.d4 d6 4.Nf3 Nf6 5.e4 O-O 6.Be2 e5 7.Be3 Na6 8.O-O Qe8
9.d5 h6 10.Nd2 Nh7 11.f3 f5 12.Rc1 f4 13.Bf2 g5 14.Nb5 b6 15.b4 Rf7 16.Qb3 h5
17.c5 Bf8 18.cxb6 axb6 19.Rc3 g4 20.Rfc1 Bd7 21.Nxc7 Nxc7 22.Rxc7 b5 23.Rb7 Rb8
24.Rxb8 Qxb8 25.Qa3 Rg7 26.Qa7 Qd8 27.Rc7 Ng5 28.Kf1 g3 29.hxg3 fxg3 30.Bb6 h4
31.Rxd7 Qxd7 32.Qxd7 Rxd7 33.Bxb5 Rb7 34.Nc4 h3 35.gxh3 Nxh3 36.a4 Rg7 37.Ne3 Nf4
38.Ng2 Rh7 39.Nxf4 exf4 40.a5 Rh1+ 41.Kg2 Rb1 42.a6 Rxb4 43.a7 Rxb5 44.a8=Q Rxb6  1/2-1/2

[Event "Roses"]
[Site "Roses"]
[Date "1992.??.??"]
[Round "4"]
[White "Pares Vives, Jose"]
[Black "Ubilava, Elizbar"]
[Result "0-1"]
[WhiteElo "2345"]
[BlackElo "2560"]

1.d4 Nf6 2.c4 g6 3.Nc3 Bg7 4.e4 d6 5.Nf3 O-O 6.Be2 e5 7.O-O c6 8.d5 Na6 9.Bg5 h6
10.Bh4 g5 11.Bg3 Nh5 12.Nd2 Nf4 13.Rb1 f5 14.f3 h5 15.b4 cxd5 16.cxd5 g4
17.Bf2 Qg5 18.fxg4 hxg4 19.Rb3 Qg6 20.Nc4 fxe4 21.Nb5 Nd3 22.Ncxd6 Naxb4
23.Nxe4 Bf5 24.Bxd3 Nxd3 25.Rxd3 Bxe4 26.Rg3 Rf4 27.Nc7 Rd8 28.h3 Qf7 29.d6 Rf8
30.Qb3 Qxb3 31.axb3 R4f6 32.Rxg4 Bd3 33.Rd1 Be2 34.Rd5 Bxg4 35.hxg4 Rxf2
36.d7 Rf1+ 37.Kh2 Bf6 38.Ne8 Bd8 39.Rxe5 Rd1 40.g5 Rxd7 41.g6 Bc7  0-1

[Event "San Bernardino op"]
[Site "San Bernardino"]
[Date "1992.??.??"]
[Round "7"]
[White "Huss, Andreas"]
[Black "Epishin, Vladimir"]
[Result "0-1"]
[WhiteElo "2385"]
[BlackElo "2630"]

1.d4 Nf6 2.Nf3 g6 3.c4 Bg7 4.Nc3 O-O 5.e4 d6 6.Be2 e5 7.d5 Nbd7 8.O-O a5
9.Bg5 h6 10.Bh4 Nc5 11.Nd2 Bd7 12.b3 c6 13.a3 Qb6 14.Rb1 cxd5 15.cxd5 Rfc8
16.Nc4 Qc7 17.Bxf6 Bxf6 18.a4 Rf8 19.Na3 Bg5 20.Bb5 Bc8 21.Bd3 f5 22.Nc4 Bd7
23.Qe2 Rf6 24.f3 Raf8 25.Kh1 h5 26.Nb5 Bxb5 27.axb5 Kg7 28.b6 Qd8 29.Qc2 h4
30.exf5 Nxd3 31.Qxd3 Rxf5 32.g3 hxg3 33.hxg3 Bh4 34.Kg2 Qg5 35.f4 exf4 36.Nxd6 f3+
37.Kh1 Bxg3 38.Nxf5+ Rxf5 39.Rxf3 Qh5+ 40.Kg2 Qh2+ 41.Kf1 Qh1+  0-1

[Event "San Bernardino op"]
[Site "San Bernardino"]
[Date "1992.??.??"]
[Round "8"]
[White "Van der Sterren, Paul"]
[Black "Weindl, Alfred"]
[Result "1-0"]
[WhiteElo "2530"]
[BlackElo "2365"]

1.Nf3 Nf6 2.c4 g6 3.d4 Bg7 4.Nc3 O-O 5.e4 d6 6.Be2 e5 7.O-O Nbd7 8.Be3 Ng4
9.Bg5 f6 10.Bd2 Nh6 11.Qc2 c6 12.Rad1 Qe7 13.b4 exd4 14.Nxd4 Ne5 15.Qc1 Nef7
16.b5 Bd7 17.bxc6 bxc6 18.c5 dxc5 19.Nb3 Ng4 20.h3 c4 21.Bxc4 Ne5 22.Be2 Be6
23.Be3 Rfd8 24.f4 Bxb3 25.axb3 Nd7 26.Qc2 Nb6 27.Bf3 Rac8 28.Na4 Nxa4 29.bxa4 c5
30.Qc4 Kh8 31.Rxd8+ Nxd8 32.Rd1 Ne6 33.Rd5 Bf8 34.e5 Re8 35.Bg4 f5 36.Bf3 g5
37.fxg5 Nxg5 38.Bh5 Rc8 39.Qf4 Qe6 40.Qc4 Qe7 41.Qa6 Rb8 42.Qf6+ Qxf6 43.exf6 Ne4
44.Rxf5 Rb6 45.Bf3 Nxf6 46.Bxc5 Bxc5+ 47.Rxc5 Rd6 48.Kf2 Rd7 49.Rc6 Kg7 50.g4 Ng8
51.Ra6 Ne7 52.Be4 Ng6 53.Kg3 Rf7 54.h4 Nf4 55.h5 Ne2+ 56.Kh4  1-0

[Event "San Copiapo"]
[Site "San Copiapo"]
[Date "1992.??.??"]
[Round "1"]
[White "Valiente, Cristobal"]
[Black "Arancibia, Eduardo"]
[Result "1/2-1/2"]
[WhiteElo "2345"]
[BlackElo "2345"]

1.d4 Nf6 2.Nf3 g6 3.c4 Bg7 4.Nc3 O-O 5.e4 d6 6.Be2 e5 7.O-O Na6 8.Re1 c6
9.Bf1 Qe7 10.Rb1 Bg4 11.d5 c5 12.a3 Nh5 13.b4 f5 14.h3 Bxf3 15.Qxf3 f4 16.Bd2 Nf6
17.Na4 b6 18.bxc5 dxc5 19.Nc3 g5 20.g4 fxg3 21.fxg3 h6 22.Be2 Nc7 23.Qg2 Nfe8
24.a4 Nd6 25.a5 Rfb8 26.Qf2 Qe8 27.Rb2 Na6 28.axb6 axb6 29.Qf3 Nb4 30.Nb5 Nxb5
31.cxb5 Qd7 32.Qh5 Ra3 33.Rf1 Qe8 34.Qxe8+ Rxe8 35.Kg2 Rf8 36.Bxb4 cxb4 37.Bc4 Rxf1
38.Kxf1 Bf8 39.d6+ Kg7 40.Rxb4 Bxd6 41.Rb3  1/2-1/2

[Event "Sao Paulo op"]
[Site "Sao Paulo"]
[Date "1992.??.??"]
[Round "?"]
[White "Toth, Christian Endre"]
[Black "Llanos, Guillermo"]
[Result "1-0"]
[WhiteElo "2350"]
[BlackElo "2355"]

1.d4 Nf6 2.c4 g6 3.Nc3 Bg7 4.e4 d6 5.Nf3 O-O 6.Be2 e5 7.Be3 Ng4 8.Bg5 f6
9.Bc1 Nh6 10.O-O Nf7 11.Be3 Nc6 12.h3 Bh6 13.Bxh6 Nxh6 14.c5 dxc5 15.dxc5 Be6
16.Bb5 Qe7 17.Nd5 Qg7 18.Bxc6 bxc6 19.Ne3 Rfb8 20.Qa4 Bd7 21.Rfd1 Rxb2 22.Rab1 Rxb1
23.Rxb1 Qe7 24.Rb7 Qxc5 25.Qb3+ Nf7 26.Rxc7 Be8 27.Ng4 Kg7 28.g3 Qb6 29.Rb7 Qxb3
30.axb3 a5 31.Nd2 a4 32.bxa4 Rxa4 33.Nb3 h5 34.Ne3 Kf8 35.Nc5 Ra1+ 36.Kg2 Nd8
37.Rc7 Ra5 38.Nb7 Nxb7 39.Rxb7 Ra4 40.Kf3 Rd4 41.g4 hxg4+ 42.hxg4 Bd7 43.g5 Ke7
44.Ng4 fxg5 45.Nxe5 Ke6 46.Nxg6 Kf6 47.Nf8 Be8 48.Nh7+ Kg6 49.Re7 Rd3+ 50.Kg4 Rd8
51.Nxg5 Bd7+ 52.Kf4 Rf8+ 53.Ke3 Kxg5 54.Rxd7 Rg8 55.f4+  1-0

[Event "EU-ch U20"]
[Site "Sas van Gent"]
[Date "1992.??.??"]
[Round "1"]
[White "Aleksandrov, Aleksej"]
[Black "Turner, Matthew"]
[Result "1/2-1/2"]
[WhiteElo "2505"]
[BlackElo "2325"]

1.d4 Nf6 2.c4 g6 3.Nc3 Bg7 4.e4 d6 5.Be2 O-O 6.Nf3 e5 7.d5 Nbd7 8.h4 a5 9.Nd2 h5
10.Nf3 Nc5 11.Ng5 Bd7 12.Be3 Ng4 13.Bxg4 Bxg4 14.f3 Bd7 15.Qe2 b6 16.O-O-O f6
17.Nh3 Kf7 18.g4 Rh8 19.Nf2 Bh6 20.Rdg1 Bxe3+ 21.Qxe3 Qe7 22.Ne2 Rag8 23.Ng3 Qf8
24.Rg2 Ke8 25.Kd2 Qh6 26.gxh5 gxh5 27.Rhg1 Qxe3+ 28.Kxe3 Kf7 29.Ne2 Be8 30.f4 Rxg2
31.Rxg2 Rg8 32.Rxg8 Kxg8 33.Nd3 Nxd3 34.Kxd3 Bd7 35.f5 Kf8 36.a3 Ke7 37.Nc3 Kd8
38.b4 axb4 39.axb4 Ke7 40.c5 dxc5 41.bxc5 bxc5 42.Kc4 Kd6 43.Nb5+ Bxb5+ 44.Kxb5 c4  1/2-1/2

[Event "EU-ch U20"]
[Site "Sas van Gent"]
[Date "1992.??.??"]
[Round "8"]
[White "Santos, Carlos P"]
[Black "Janev, Evgeni"]
[Result "1/2-1/2"]
[WhiteElo "2325"]
[BlackElo "2325"]

1.d4 Nf6 2.c4 g6 3.Nc3 Bg7 4.e4 d6 5.Nf3 O-O 6.Be2 e5 7.d5 a5 8.Bg5 h6 9.Bh4 Na6
10.Nd2 Qe8 11.O-O Nh7 12.a3 Bd7 13.b3 f5 14.f3 f4 15.Rb1 Nc5 16.b4 axb4 17.axb4 Na4
18.Nxa4 Rxa4 19.c5 g5 20.Bf2 Bb5 21.cxd6 cxd6 22.Nc4 Bxc4 23.Bxc4 Nf6 24.Qe2 Qg6
25.Kh1 Rf7 26.Rfc1 Bf8 27.Bb5 Ra8 28.Bb6 g4 29.Ra1 Rxa1 30.Rxa1 h5 31.Ra8 Rg7
32.Qc2 gxf3 33.gxf3 h4 34.Bf1 Qh5 35.Ra3 h3 36.Qc8 Rd7 37.Bf2 Kg7 38.Kg1 Be7
39.Kh1 Bf8 40.Bb6 Kg8 41.Bd8 Qe8 42.Ra8 Qh5 43.Ra3 Qe8 44.Ra8  1/2-1/2

[Event "Sevilla op"]
[Site "Sevilla"]
[Date "1992.??.??"]
[Round "5"]
[White "Jimenez Villena, Francisco J"]
[Black "Danailov, Silvio"]
[Result "0-1"]
[WhiteElo "2315"]
[BlackElo "2445"]

1.d4 Nf6 2.Nf3 g6 3.c4 Bg7 4.Nc3 O-O 5.e4 d6 6.Be2 e5 7.d5 a5 8.Bg5 h6 9.Bh4 Na6
10.Nd2 Qe8 11.O-O Bd7 12.b3 Nh7 13.a3 h5 14.f3 Bh6 15.Bf2 Qe7 16.Rb1 h4 17.Kh1 Bf4
18.Rg1 Nc5 19.Qe1 Bg5 20.b4 axb4 21.axb4 Na4 22.Nd1 f5 23.Bd3 Kh8 24.Nb3 Bf6
25.c5 h3 26.cxd6 cxd6 27.g4 fxg4 28.fxg4 Bg5 29.Ne3 Rf7 30.Bg3 Rf3 31.Nc4 Rxd3
32.Nc5 Rc3 33.Nxe5 dxe5 34.Nxd7 Re3 35.Nxe5 Rxe1 36.Rgxe1 Rg8 37.d6 Qe6 38.Rbc1 Bxc1
39.Rxc1 Qa2  0-1

[Event "Sevilla op"]
[Site "Sevilla"]
[Date "1992.??.??"]
[Round "5"]
[White "Komljenovic, Davor"]
[Black "Llopis, Manuel"]
[Result "1/2-1/2"]
[WhiteElo "2495"]
[BlackElo "2235"]

1.d4 d6 2.Nf3 g6 3.c4 Bg7 4.Nc3 Nf6 5.e4 O-O 6.Be2 e5 7.dxe5 dxe5 8.Qxd8 Rxd8
9.Bg5 c6 10.Nxe5 Re8 11.O-O-O Na6 12.Rd6 Be6 13.Re1 Nc5 14.Bf1 h6 15.Bh4 g5
16.Bg3 Nh5 17.Nf3 Nxg3 18.hxg3 Rad8 19.Rxd8 Rxd8 20.Nd2 Be5 21.Kc2 f5 22.b4 Nxe4
23.Ncxe4 fxe4 24.Nxe4 Bf5 25.Bd3 Rd4 26.a3 b6 27.c5 Bxe4 28.Bxe4 bxc5 29.Bxc6 cxb4
30.Rxe5 Rc4+ 31.Kd2 Rxc6 32.axb4 Kf7 33.Ra5 a6 34.Kd3 Kf6 35.g4 Rd6+ 36.Kc4 Rc6+
37.Rc5 Rb6 38.g3 Kg6 39.f4 gxf4 40.gxf4 Rf6 41.Kd5 Rxf4 42.Rc6+ Kg5 43.Kc5 Rxg4
44.Rxa6 Rg1 45.b5 Rc1+ 46.Kd6 h5 47.b6 Rb1 48.Ra5+ Kg4 49.Ra4+ Kg3 50.Kc5 h4
51.Rb4 Rxb4 52.Kxb4 h3 53.b7 h2 54.b8=Q+ Kg2 55.Qb7+ Kg1  1/2-1/2

[Event "Sevilla op"]
[Site "Sevilla"]
[Date "1992.??.??"]
[Round "5"]
[White "Franco Ocampo, Zenon"]
[Black "Palacios de la Prida, Ernesto"]
[Result "1/2-1/2"]
[WhiteElo "2520"]
[BlackElo "2250"]

1.d4 g6 2.c4 Bg7 3.Nc3 Nf6 4.e4 O-O 5.Nf3 d6 6.Be2 e5 7.d5 Nbd7 8.Bg5 h6
9.Bh4 Qe7 10.O-O g5 11.Bg3 Nxe4 12.Nxe4 f5 13.Nfd2 fxe4 14.Nxe4 Nf6 15.Bd3 Bf5
16.f3 Nh5 17.Nc3 e4 18.Bxe4 Nxg3 19.hxg3 Bxc3 20.Bxf5 Bxb2 21.Be6+ Kg7 22.Rb1 Qf6
23.Kh2 b6 24.f4 Ba3 25.Qa4 Bc5 26.Rbe1 Rae8 27.Qxa7 Re7 28.Qa4 Qg6 29.Qd1 Rf6
30.Qg4 h5 31.Qxg5 Qxg5 32.fxg5 Rxf1 33.Rxf1 Kg6 34.Kh3 Kxg5 35.Rf5+ Kg6 36.Kh4 c6
37.Rxh5 cxd5 38.Bxd5 Ra7 39.g4 Bf2+ 40.Kh3 Ra3+ 41.Bf3 Be3 42.Be4+ Kg7 43.Rh7+ Kf6
44.Kh4 Rxa2 45.Bd5 Kg6  1/2-1/2

[Event "Sevilla op"]
[Site "Sevilla"]
[Date "1992.??.??"]
[Round "7"]
[White "Cramling, Pia"]
[Black "Danailov, Silvio"]
[Result "1/2-1/2"]
[WhiteElo "2530"]
[BlackElo "2445"]

1.d4 d6 2.c4 g6 3.e4 Bg7 4.Nc3 Nf6 5.Nf3 O-O 6.Be2 e5 7.dxe5 dxe5 8.Qxd8 Rxd8
9.Bg5 Re8 10.Nd5 Nxd5 11.cxd5 c6 12.Bc4 cxd5 13.Bxd5 Nd7 14.Nd2 Nb6 15.Bb3 Be6
16.Ke2 Rac8 17.Rhc1 Bxb3 18.axb3 Rxc1 19.Rxc1 Rc8 20.Ra1 a6 21.Ra5 f6 22.Be3 Rc6
23.Kd3 Bf8 24.Nc4 Nxc4 25.bxc4 Kf7 26.c5 Be7 27.b4 Bd8 28.Ra2 Ke6 29.b5  1/2-1/2